Vista normal
Vista MARC
Entrada Topical Term
Número de registros utilizados en: 1
001 - CONTROL NUMBER
- control field: 58836
003 - CONTROL NUMBER IDENTIFIER
- control field: OSt
005 - DATE AND TIME OF LATEST TRANSACTION
- control field: 20250226103741.0
008 - FIXED-LENGTH DATA ELEMENTS
- fixed length control field: 250226|| aca||aabn | a|a d
040 ## - CATALOGING SOURCE
- Original cataloging agency: OSt
- Transcribing agency: OSt
150 ## - HEADING--TOPICAL TERM
- Topical term or geographic name entry element: Crónica
670 ## - SOURCE DATA FOUND
- Source citation: Work cat.: (OSt)56974: Barreras Montealegre, Roy 1963- autor 58834, El culo de Antanas